Grecidad (Record no. 127555)

MARC details
000 -LEADER
campo de control de longitud fija 00819nam a2200241 4500
001 - NÚMERO DE CONTROL
campo de control 127555
003 - IDENTIFICADOR DE NÚMERO DE CONTROL
campo de control ES-MaACL
005 - FECHA Y HORA DE LA ÚLTIMA TRANSACCIÓN
campo de control 20250911062837.0
007 - CAMPO FIJO DE DESCRIPCIÓN FÍSICA--INFORMACIÓN GENERAL
campo de control de longitud fija t|
008 - DATOS DE LONGITUD FIJA--INFORMACIÓN GENERAL
campo de control de longitud fija 070214s1979 sp r ||||1| spa d
100 1# - ENTRADA PRINCIPAL--NOMBRE DE PERSONA
Nombre de persona Ritsos, Yannis.
9 (RLIN) 97481
245 10 - MENCIÓN DEL TÍTULO
Título Grecidad
Resto del título : ; y otros poemas /
Mención de responsabilidad, etc. Yannis Ritsos ; traducción de Heleni Perdikidi ; prólogo de Manuel Fernández Galiano ; grabados de Dimitri Perdikidis.
260 ## - PUBLICACIÓN, DISTRIBUCIÓN, ETC.
Lugar de publicación, distribución, etc. Madrid :
Nombre del editor, distribuidor, etc. Visor,
Fecha de publicación, distribución, etc. 1979.
300 ## - DESCRIPCIÓN FÍSICA
Extensión 78 p. ;
Dimensiones 20 cm.
490 1# - MENCIÓN DE SERIE
Mención de serie Visor de Poesía ;
Designación de volumen o secuencia 91
700 1# - ENTRADA AGREGADA--NOMBRE PERSONAL
Nombre de persona Perdikidi, Heleni.
9 (RLIN) 90420
700 1# - ENTRADA AGREGADA--NOMBRE PERSONAL
Nombre de persona Fernández-Galiano, Manuel (
Fechas asociadas al nombre 1918-1988)
9 (RLIN) 150962
700 1# - ENTRADA AGREGADA--NOMBRE PERSONAL
Nombre de persona Perdikidis, Dimitri.
9 (RLIN) 90421
830 0# - PUNTO DE ACCESO ADICIONAL DE SERIE-TÍTULO UNIFORME
Título uniforme Colección Visor de poesía
Designación de volumen o secuencia 91
9 (RLIN) 177331
852 ## - LOCALIZACIÓN
Ubicación ES-MaACL
Número de control de estantería A-10416
Sublocalización o colección R.99565
942 ## - ELEMENTOS DE ENTRADA SECUNDARIOS (KOHA)
Fuente del sistema de clasificación o colocación Clasificación decimal universal
Holdings
Estatus retirado Estado de pérdida Estado de daño No para préstamo Biblioteca de origen Biblioteca actual Ubicación en estantería Fecha de adquisición Fuente de adquisición Total de préstamos Signatura topográfica completa Código de barras Visto por última vez Precio de reemplazo Tipo de ítem Koha
        Biblioteca del Ateneo de Madrid Biblioteca del Ateneo de Madrid Depósito 1 17/01/2008     A-10416 1132854 23/02/2023 23/02/2023 Libro impreso